000 01049cas a22002415a 4500
001 L153329
008 110711c2011 xxkmr wss eng u
035 _a(Sirsi) u153329
041 0 _aeng
050 _a333.33 $2 18
110 2 _aCB Richard Ellis
_93675
245 0 0 _aCB Richard Ellis MarketView Retail market monthly
_h[electronic resource]
260 _a[S.l.]
_bCBRE
_c 2011-
362 0 _aCurrent issue only
490 0 _aCB Richard Ellis MarketView Retail Market Monthly
_v2011-
520 _aBrief overview of the retail sector and retail property market covering trading overview, economic indicators and forecast, property performance including yields.
554 _aAnnual
650 2 4 _aCB RICHARD ELLIS MARKETVIEW RETAIL MARKET MONTHLY
651 4 _aUnited Kingdom
_y
690 _aPROPERTY-COMMERCIAL PROPERTY-COMMERCIAL PROPERTY MARKET
856 4 0 _uhttps://www.cbre.co.uk/portal/page/portal/uk_en/research
_zView the report free of charge (type Retail Market Monthly in keyword search box) at www.cbre.co.uk
942 _n0
999 _c119324
_d119324